LEADER 01084nam a2200277 i 4500 001 000000157808 003 CaOOAMICUS 005 20070118000000.0 008 070118s1984 it u000 u ita u 013 $a135169 040 $aSeMil$bita 245 10$aInni cristiani /$cA cura di Angelo Comini ; Presentazione di Mario Pomilio. 260 $aMilano :$bRusconi,$c1984. 300 $a165 p. ;$c22 cm. 490 0 $aTesti di spiritualitą 500 $aFondo Card. Giovanni Colombo. 650 4$aInni religiosi latini - Antologie.$0(OLS)http://semarc/subject/15044 700 1 $aPomilio, Mario,$d<1921-1990>.$0(OLS)http://semarc/name/4097 700 1 $aComini, Angelo.$0(OLS)http://semarc/name/20120 830 0$aTesti di spiritualitą.$0(OLS)http://semarc/title/7308 850 $aSeMil 852 $aSeMil$W1$xVenegono$y1$m1O III 175$j109486$B109486$CSeMilBibl$Z2$F118980 $81 941 1 $a3 961 $aLascito: Colombo Card. Giovanni 996 $6245$aInni cristiani$9(OLS)http://semarc/title/173141 996 $6260$aMilano :$bRusconi$9(OLS)http://semarc/publisher/30258 LEADER 01044nam a2200229 i 4500 001 000000246963 003 CaOOAMICUS 005 20230417080423.0 008 151201s1888 it u000 u ita u 040 $aSeMil$bita 100 1 $aAlimonda, Gaetano .$0(OLS)http://semarc/name/2717 245 12$aI voti degli italiani per la pace religiosa. 260 $aTorino :$bTipografia salesiana,$c1888. 300 $aXVI, 247 p. ;$c28 cm. 650 4$aQuestione romana.$0(OLS)http://semarc/subject/3524 650 4$aAlimonda, Gaetano - Scritti, discorsi, omelie, lettere pastorali, etc.$0(OLS)http://semarc/subject/5251 773 0 $aAlimonda, Gaetano $t[Alimonda.$w()13028 850 $aSeMil 852 $aSeMil$W1$xVenegono$y1$m3J VII 7/11 FA$j197309$B197309$CSeMilBibl$Z2$F208354 $8I 996 $6245$aI voti degli italiani per la pace religiosa$9(OLS)http://semarc/title/134416 996 $6260$aTorino :$bTipografia salesiana$9(OLS)http://semarc/publisher/37035